000
00248nam a22001097a 4500
082
_a
613
100
_a
Rrehan Seema
_9
80745
245
_a
Yoga for Stress Management
260
_a
Delhi
_b
Rishabh Books
_c
2016
650
_a
Yoga
_9
80746
942
_c
BK
999
_c
64008
_d
64008